කෙටිකතා පහළොවක් /

Ketikatha pahalowak
Saved in:
Bibliographic Details
Main Author: වනිගසූරිය, උපාලි
Format: Book
Published: මුල්ලේරියාව : සූරියකාන්ත ප්‍රකාශකයෝ, 2025.
Subjects:
Tags: Add Tag
No Tags, Be the first to tag this record!

MARC

LEADER 00000nam a2200000 4500
003 LK-CoNLD
005 20260410123425.0
008 260317b |||||||| |||| 00| 0 ||| d
015 |2 slnb  |a slnb202601 
017 |a 506336  |b LK-CoDNA 
020 |a 9789559294405 
040 |a LK-CoNLD  |b SIN  |c LK-CoNLD  |d LK-CoNLD 
082 |2 23  |q LK-CoNLD  |a 891.483 
100 |a වනිගසූරිය, උපාලි  |9 4747 
245 |a කෙටිකතා පහළොවක් /  |c උපාලි වනිගසූරිය. 
260 |a මුල්ලේරියාව :  |b සූරියකාන්ත ප්‍රකාශකයෝ,  |c 2025. 
300 |a පි. 144 ;  |b මැබැ-බෝක : රු. 900.00  |c සෙමී. 21. 
650 0 |a කෙටිකතා, සිංහල  |9 1675 
650 0 |a Short stories, Sinhalese  |9 1676 
880 |6 245-1  |a Ketikatha pahalowak 
942 |c BOOK 
945 |a 18246  |b Chamari MUTHUMALI  |c 13  |d Ruwanthi NILMINI 
999 |c 298131  |d 298131